000 00489nam a2200169 4500
001 132720
003 ES-MaACL
005 20251011063136.0
007 t|
008 070214s1945 mx r ||||1| spa d
100 0 _aRos, Antonio,
_c(Médico)
_999566
245 1 3 _aLa penicilina y sus aplicaciones en Oftalmología /
_cAntonio Ros.
260 _aMéxico :
_b[s. n.],
_c1945.
300 _a123 p. ;
_c19 cm.
852 _aES-MaACL
_jB-10276
_bR.21838
999 _c132720
_d132720